Name the bodybuilder - Statistics

General Stats
  • This quiz has been taken 849 times
  • The average score is 8 of 16
Answer Stats
Picture Answer % Correct
Ronnie Coleman
96%
Jay Cutler
91%
Arnold Schwarzenegger
85%
Kevin Levrone
74%
Dorian Yates
67%
Mike O'Hearn
67%
Noel Deyzel
57%
Lee Haney
45%
Kai Greene
44%
Flex Wheeler
43%
Sergio Oliva
39%
Franco Columbu
36%
Dexter Jackson
29%
Lou Ferrigno
24%
Shawn Rhoden
19%
Rich Gaspari
9%
No matching quizzes found
Score Distribution
Percent of People with Each Score
Percentile by Number Answered
Your Score History
You have not taken this quiz